<?xml version="1.0" encoding="UTF-8"?><record xmlns="http://www.loc.gov/MARC21/slim" xmlns:zs="http://docs.oasis-open.org/ns/search-ws/sruResponse">
  <leader>03121cam a22004813i 4500</leader>
  <controlfield tag="001">21924225</controlfield>
  <controlfield tag="005">20250607104717.4</controlfield>
  <controlfield tag="006">m    |o  d |      </controlfield>
  <controlfield tag="007">cr |||||||||||</controlfield>
  <controlfield tag="008">210226m16281644xx      o     000 0 chi  </controlfield>
  <datafield ind1=" " ind2=" " tag="906">
    <subfield code="a">0</subfield>
    <subfield code="b">ibc</subfield>
    <subfield code="c">orignew</subfield>
    <subfield code="d">u</subfield>
    <subfield code="e">ncip</subfield>
    <subfield code="f">20</subfield>
    <subfield code="g">y-gencatlg</subfield>
  </datafield>
  <datafield ind1=" " ind2=" " tag="955">
    <subfield code="u">cc28 2023-01-06</subfield>
    <subfield code="u">cc32 2023-04-06</subfield>
  </datafield>
  <datafield ind1=" " ind2=" " tag="955">
    <subfield code="a">LCAP batch update 2025-06-02-04:00: LCAPM-988</subfield>
  </datafield>
  <datafield ind1=" " ind2=" " tag="010">
    <subfield code="a">  2021666135</subfield>
  </datafield>
  <datafield ind1=" " ind2=" " tag="035">
    <subfield code="a">21924225</subfield>
  </datafield>
  <datafield ind1=" " ind2=" " tag="035">
    <subfield code="a">(WDL)03022</subfield>
  </datafield>
  <datafield ind1=" " ind2=" " tag="040">
    <subfield code="a">DLC</subfield>
    <subfield code="b">eng</subfield>
    <subfield code="c">DLC</subfield>
  </datafield>
  <datafield ind1=" " ind2=" " tag="041">
    <subfield code="a">chi</subfield>
  </datafield>
  <datafield ind1=" " ind2=" " tag="066">
    <subfield code="c">$1</subfield>
  </datafield>
  <datafield ind1=" " ind2=" " tag="080">
    <subfield code="a">895</subfield>
  </datafield>
  <datafield ind1="0" ind2="0" tag="242">
    <subfield code="a">Secret Edition of the Northern Western Wing Corrected by Mr. Zhang Shenzhi.</subfield>
    <subfield code="y">eng</subfield>
  </datafield>
  <datafield ind1="0" ind2="0" tag="245">
    <subfield code="6">880-01</subfield>
    <subfield code="a">Zhang Shenzhi xian sheng zheng bei xi xiang mi ben.</subfield>
  </datafield>
  <datafield ind1="0" ind2="0" tag="880">
    <subfield code="6">245-01/$1</subfield>
    <subfield code="a">張深之先生正北西廂秘本.</subfield>
  </datafield>
  <datafield ind1=" " ind2=" " tag="260">
    <subfield code="c">[1628 to 1644].</subfield>
  </datafield>
  <datafield ind1=" " ind2=" " tag="300">
    <subfield code="a">1 online resource.</subfield>
  </datafield>
  <datafield ind1=" " ind2=" " tag="336">
    <subfield code="a">text</subfield>
    <subfield code="b">txt</subfield>
    <subfield code="2">rdacontent</subfield>
  </datafield>
  <datafield ind1=" " ind2=" " tag="337">
    <subfield code="a">computer</subfield>
    <subfield code="b">c</subfield>
    <subfield code="2">rdamedia</subfield>
  </datafield>
  <datafield ind1=" " ind2=" " tag="338">
    <subfield code="a">online resource</subfield>
    <subfield code="b">cr</subfield>
    <subfield code="2">rdacarrier</subfield>
  </datafield>
  <datafield ind1=" " ind2=" " tag="500">
    <subfield code="a">Title devised, in English, by Library staff.</subfield>
  </datafield>
  <datafield ind1=" " ind2=" " tag="500">
    <subfield code="a">Original resource extent: 25.9 x 35.6 centimeters; wood blocks.</subfield>
  </datafield>
  <datafield ind1=" " ind2=" " tag="520">
    <subfield code="a">The Yuan dynasty drama, Story of the Western Wing, by Wang Shifu, is the finest dramatic work of traditional China. It ranks with Tang Xianzu's Peony Pavilion, Kong Shangren's Peach Blossom Fan, and Hong Sheng's Palace of Everlasting Life as one of the four great classical dramas of pre-modern China, and has had a far-reaching influence on the literature and theatrical history of China. The plot of the drama is a reworking of the short work, The Story of Yingying (also titled Encounter with an Immortal) by Yuan Zhen of the Tang dynasty. The famous line from the play, "I hope that all under heaven who know love will be able to unite as husband and wife," subsequently became the ultimate wish for pure love. There have been many editions of Story of the Western Wing over the centuries. The Ming dynasty Secret Edition of the Northern Western Wing, Corrected by Mr. Zhang Shenzhi, published in the Chongzhen reign, is especially celebrated for its woodblock illustrations. The artist was the famous late-Ming painter Hong Shou. The compositions are superb and show extraordinary creativity, making this unique among the many illustrations of the tale. The illustration "Stealing a Look at the Letter" is very faithful to the plot and conveys the spirit of the situation perfectly; it is a masterpiece of ancient woodblock illustration.</subfield>
  </datafield>
  <datafield ind1="1" ind2=" " tag="535">
    <subfield code="3">Original resource at:</subfield>
    <subfield code="a">National Library of China.</subfield>
  </datafield>
  <datafield ind1=" " ind2=" " tag="546">
    <subfield code="a">Content in Chinese.</subfield>
  </datafield>
  <datafield ind1="0" ind2=" " tag="588">
    <subfield code="a">Description based on data extracted from World Digital Library, which may be extracted from partner institutions.</subfield>
  </datafield>
  <datafield ind1=" " ind2="0" tag="653">
    <subfield code="a">1628 to 1644</subfield>
  </datafield>
  <datafield ind1=" " ind2="0" tag="653">
    <subfield code="a">Drama</subfield>
    <subfield code="a">Ming dynasty, 1368-1644</subfield>
  </datafield>
  <datafield ind1=" " ind2=" " tag="720">
    <subfield code="a">Wang, Shifu, circa 1250-1307</subfield>
    <subfield code="e">Author.</subfield>
  </datafield>
  <datafield ind1=" " ind2=" " tag="752">
    <subfield code="a">China</subfield>
  </datafield>
  <datafield ind1="0" ind2=" " tag="773">
    <subfield code="t">Chinese Books, Manuscripts, Maps, and Prints</subfield>
  </datafield>
  <datafield ind1="4" ind2="0" tag="856">
    <subfield code="d">gdcwdl</subfield>
    <subfield code="f">wdl_03022</subfield>
    <subfield code="u">https://hdl.loc.gov/loc.wdl/wdl.3022</subfield>
  </datafield>
  <datafield ind1=" " ind2=" " tag="952">
    <subfield code="a">Title revised per Asian Division.--cc28 2023-01-06</subfield>
  </datafield>
  <datafield ind1=" " ind2=" " tag="985">
    <subfield code="a">wdl/wdlpartner/wdlchina</subfield>
  </datafield>
  <datafield ind1=" " ind2=" " tag="991">
    <subfield code="b">s-Online</subfield>
    <subfield code="h">Electronic Resource</subfield>
  </datafield>
</record>
